Statistics for Guess the skyscrapers!!

Click here to take the quiz!

General Stats

  • This quiz has been taken 13 times
  • The average score is 8 of 16

Answer Stats

Answer% Correct
empire state
89%
petronas
78%
Burj Khalifa
67%
cn
67%
eiffel
67%
One world trade
67%
spaceneedle
67%
willis
67%
the shard
56%
burj al arab
44%
Shanghai
44%
Makkah
33%
transamerica
33%
432 park
22%
china zun
22%
ping an
22%

Score Distribution

Percentile by Number Answered

Percent of People with Each Score

Your Score History

You have not taken this quiz